00765 2200169 4500245012200000020002200122250001100144100002900155650001000184005001900194260002900213041001400242084001100256300002800267500029100295336000900586 aPanduan Praktis Fikih Perniagaan Islam b : Berbisnis & Berdagang Sesuai Sunnah NabicMuhamad Arifin bin BadrihText a978-979-1254-97-7 aCet. 2 aMuhamad Arifin bin Badri aFikih a20241018130404 aJakartabDarul Haqc2016 aIndonesia a297.14 axvi, 231 hlm. :c24 cm. aBuku ini mengulas tentang prinsip-prinsip dasar perdagangan dan bisnis dalam Islam. Inilah ini dari buku ini yang dengan mengkajinya dan menerapkannya secara baik, bisnis seorang Muslim dapat bernilai ibadah dan mendapat ridha Allah karena sejalan dengan syariat dan sesuai Sunnah Nabi. atext